Principios de fotografía en color / (Record no. 61263)

MARC details
000 -LEADER
campo de control de longitud fija 00719nam a2200229 i 4500
001 - NÚMERO DE CONTROL
campo de control 61263
003 - IDENTIFICADOR DE NÚMERO DE CONTROL
campo de control ES-MaACL
005 - FECHA Y HORA DE LA ÚLTIMA TRANSACCIÓN
campo de control 20230906164420.0
007 - CAMPO FIJO DE DESCRIPCIÓN FÍSICA--INFORMACIÓN GENERAL
campo de control de longitud fija t|
008 - DATOS DE LONGITUD FIJA--INFORMACIÓN GENERAL
campo de control de longitud fija 031111s1957 sp ||||1| spa d
100 1# - ENTRADA PRINCIPAL--NOMBRE DE PERSONA
Nombre de persona Evans, Ralph M.
9 (RLIN) 48367
245 10 - MENCIÓN DEL TÍTULO
Título Principios de fotografía en color /
Mención de responsabilidad, etc. Ralph M. Evans, W.T. Hanson, W. Lyle Brewer : [traducción de José Savé].
260 ## - PUBLICACIÓN, DISTRIBUCIÓN, ETC.
Lugar de publicación, distribución, etc. Barcelona :
Nombre del editor, distribuidor, etc. Omega,
Fecha de publicación, distribución, etc. [1957] (
Fabricante Clarasó)
300 ## - DESCRIPCIÓN FÍSICA
Extensión 672 p. :
Otras características físicas il. ;
Dimensiones 22 cm.
490 1# - MENCIÓN DE SERIE
Mención de serie Foto biblioteca
700 1# - ENTRADA AGREGADA--NOMBRE PERSONAL
Nombre de persona Hanson, W. T.
9 (RLIN) 61779
700 1# - ENTRADA AGREGADA--NOMBRE PERSONAL
Nombre de persona Brewer, W. Lyle.
9 (RLIN) 31652
700 1# - ENTRADA AGREGADA--NOMBRE PERSONAL
Nombre de persona Savé, José.
9 (RLIN) 104061
830 0# - PUNTO DE ACCESO ADICIONAL DE SERIE-TÍTULO UNIFORME
Título uniforme Foto biblioteca
9 (RLIN) 181378
852 ## - LOCALIZACIÓN
Ubicación ES-MaACL
Número de control de estantería C-12873
Sublocalización o colección R.41187
Holdings
Estatus retirado Estado de pérdida Estado de daño No para préstamo Biblioteca de origen Biblioteca actual Ubicación en estantería Fecha de adquisición Fuente de adquisición Total de préstamos Signatura topográfica completa Código de barras Visto por última vez Precio de reemplazo Tipo de ítem Koha
        Biblioteca del Ateneo de Madrid Biblioteca del Ateneo de Madrid Sala Palomar 17/01/2008     C-12873 1064244 23/02/2023 23/02/2023 Libro impreso